书目信息 |
| 题名: |
趣味代数学
|
|
| 作者: | 别莱利曼 著 ;丁寿田 , 朱美琨 译 | |
| 分册: | ||
| 出版信息: | 北京 中国青年出版社 2008.03 |
|
| 页数: | 241页 | |
| 开本: | 23cm | |
| 丛书名: | ||
| 单 册: | ||
| 中图分类: | O15-49 | |
| 科图分类: | ||
| 主题词: | 代数--dai shu--普及读物 | |
| 电子资源: | ||
| ISBN: | 978-7-5006-8045-1 | |
| 000 | 01099nam0 2200289 450 | |
| 001 | 012008731409 | |
| 005 | 20080611082307.03 | |
| 010 | @a978-7-5006-8045-1@dCNY16.00 | |
| 100 | @a20080611d2008 em y0chiy0120 ea | |
| 101 | 1 | @achi@crus |
| 102 | @aCN@b110000 | |
| 105 | @aack z 000yy | |
| 106 | @ar | |
| 200 | 1 | @a趣味代数学@Aqu wei dai shu xue@f(俄) 别莱利曼著@F(e)bie lai li man zhu@d= Entertaining mathemstics@fЯ·И. Перельман@g丁寿田, 朱美琨译@Gding shou tian,zhu mei kun yi@zeng |
| 205 | @a第4版 | |
| 210 | @a北京@c中国青年出版社@d2008.03 | |
| 215 | @a241页@c图, 肖像@d23cm | |
| 300 | @a世界经典科普名著 | |
| 330 | @a本书内容包括:第五种数学运算、代数的语言、对算术的帮助、刁藩都方程、第六种数学运算、二次方程、第七种数学运算等9章。 | |
| 500 | 10 | @aEntertaining mathemstics@mChinese |
| 606 | 0 | @a代数@Adai shu@j普及读物 |
| 690 | @aO15-49@v4 | |
| 701 | 1 | @a别莱利曼@Abie lai li man@g(Перельман, Я·И.)@4著 |
| 702 | 0 | @a丁寿田@Ading shou tian@4译 |
| 702 | 0 | @a朱美琨@Azhu mei kun@4译 |
| 801 | 0 | @aCN@bQSSK@c20080611 |
| 905 | @b725404-06@dO15-49@eB813@f3 | |
| 趣味代数学/(俄) 别莱利曼著= Entertaining mathemstics/Я·И. Перельман/丁寿田, 朱美琨译.-第4版.-北京:中国青年出版社,2008.03 |
| 241页:图, 肖像;23cm |
| 世界经典科普名著 |
| ISBN 978-7-5006-8045-1:CNY16.00 |
| 本书内容包括:第五种数学运算、代数的语言、对算术的帮助、刁藩都方程、第六种数学运算、二次方程、第七种数学运算等9章。 |
| ● |
| 相关链接 |
|
|
|
正题名:趣味代数学
索取号:O15-49/B813
 
预约/预借
| 序号 | 登录号 | 条形码 | 馆藏地/架位号 | 状态 | 备注 |
| 1 | 725404 | 207254040 | 自科库401/401自科库 41排1列3层/ [索取号:O15-49/B813] | 在馆 | |
| 2 | 725405 | 207254059 | 自科库401/401自科库 41排1列3层/ [索取号:O15-49/B813] | 在馆 | |
| 3 | 725406 | 207254068 | 自科库401/401自科库 41排1列3层/ [索取号:O15-49/B813] | 在馆 |